000 00489nam a2200193 a 4500
001 83668
003 BD-RjUL
005 20240507141352.0
008 240507k1919 enk||||| |||| 00| 0 eng d
035 _a(BD-RjUL)83668
040 _aBD-RjUL
_beng
_cBD-RjUL
041 _aeng
082 _223
_a823
_bTOM
245 _aTom Brown's schooldays :
_bBy an old boy
260 _a [London] :
_bT. Nelson,
_c[1919?]
300 _a335 p.;
_c16 cm.
650 _aEnglish fiction
942 _2ddc
_cBK
999 _c83668
_d83668